000 00703nam a2200241Ia 4500
003 OSt
005 20220923224325.0
006 a|||||r|||| 00| 0
007 ta
008 220922b |||||||| |||| 00| 0 mar d
024 _a231,152
037 _cTextual
040 _aARTS
_cARTS
_bmar
041 _2mar
_amar
082 _aO155,1NPAx, M5
100 _aपाटील, अनुराधा
_9156279
245 0 _aतरीही
246 _aTarīhī
260 _aऔरंगाबाद
_b कुशा प्रकाशन
_c1985
300 _a101पृ0
_ccm.
942 _hO155,1NPAx, M5
_cTEXL
_2CC
999 _c370653
_d370653